|
|
|
|
| LEADER |
01838cas a2200241 a 4500 |
| 001 |
AALejournalIMF017889 |
| 008 |
230101c9999 xx r poo 0 0eng d |
| 020 |
|
|
|c 5.00 USD
|
| 020 |
|
|
|z 9781484315651
|
| 022 |
|
|
|a 1934-7685
|
| 040 |
|
|
|a BD-DhAAL
|c BD-DhAAL
|
| 110 |
2 |
|
|a International Monetary Fund.
|b Western Hemisphere Dept.
|
| 245 |
1 |
0 |
|a Dominican Republic :
|b 2017 Article IV Consultation- Press Release; Staff Report; and Statement by the Executive Director for the Dominican Republic.
|
| 264 |
|
1 |
|a Washington, D.C. :
|b International Monetary Fund,
|c 2017.
|
| 300 |
|
|
|a 1 online resource (69 pages)
|
| 490 |
1 |
|
|a IMF Staff Country Reports
|
| 500 |
|
|
|a <strong>Off-Campus Access:</strong> No User ID or Password Required
|
| 500 |
|
|
|a <strong>On-Campus Access:</strong> No User ID or Password Required
|
| 506 |
|
|
|a Electronic access restricted to authorized BRAC University faculty, staff and students
|
| 520 |
3 |
|
|a This 2017 Article IV Consultation highlights the Dominican economy's strong growth momentum over the past three years, which is now beginning to taper off toward potential. Growth has averaged 7 percent since 2014, outperforming most emerging market economies and all economies in the Americas, buoyed by domestic demand. Real GDP expanded by 6.6 percent in 2016. The economic outlook is favorable. Growth is expected to slow toward the potential rate of about 5 percent from 2017 onward, while the recent rise in fuel prices will push inflation to target and will widen the current account deficit moderately from 2017 onward. Risks around this baseline outlook are balanced.
|
| 538 |
|
|
|a Mode of access: Internet
|
| 830 |
|
0 |
|a IMF Staff Country Reports; Country Report ;
|v No. 2017/254
|
| 856 |
4 |
0 |
|z Full text available on IMF
|u http://elibrary.imf.org/view/journals/002/2017/254/002.2017.issue-254-en.xml
|z IMF e-Library
|